Estructura de los impuestos departamentales : (Registro nro. 7613)
[ vista simple ]
| 000 -LEADER | |
|---|---|
| fixed length control field | 01138nam a2200217Ia 4500 |
| 003 - CONTROL NUMBER IDENTIFIER | |
| control field | OSt |
| 005 - DATE AND TIME OF LATEST TRANSACTION | |
| control field | 20210415143240.0 |
| 008 - FIXED-LENGTH DATA ELEMENTS--GENERAL INFORMATION | |
| fixed length control field | 210310s1979 ck gr 000 0 spa d |
| 040 ## - CATALOGING SOURCE | |
| Original cataloging agency | CO-JMCR |
| Transcribing agency | CO-JMCR |
| 041 0# - LANGUAGE CODE | |
| Language code of text/sound track or separate title | spa |
| 082 04 - DEWEY DECIMAL CLASSIFICATION NUMBER | |
| Classification number | 343.8 / |
| Item number | B928e |
| Edition number | 23 |
| 100 1# - MAIN ENTRY--PERSONAL NAME | |
| Personal name | Bueno Miranda, Guillermo, |
| 9 (RLIN) | 14941 |
| Relator term | autor |
| 245 10 - TITLE STATEMENT | |
| Title | Estructura de los impuestos departamentales : |
| Remainder of title | fundamentos de una reforma / |
| Statement of responsibility, etc. | Guillermo Bueno Miranda |
| 260 ## - PUBLICATION, DISTRIBUTION, ETC. | |
| Place of publication, distribution, etc. | Bogotá : |
| Name of publisher, distributor, etc. | Pontificia Universidad Javeriana, |
| Date of publication, distribution, etc. | 1979 |
| 300 ## - PHYSICAL DESCRIPTION | |
| Other physical details | [239] páginas ; |
| Dimensions | 28 cm. |
| 504 ## - BIBLIOGRAPHY, ETC. NOTE | |
| Bibliography, etc. note | Bibliografía: páginas [237-239] |
| 505 0# - FORMATTED CONTENTS NOTE | |
| Formatted contents note | Impuesto al consumo de tabaco -- Impuesto de consumo a la cerveza -- Impuesto de consumo a los licores nacionales -- Impuesto de consumo a los licores extranjeros -- Impuesto de consumo a los vinos nacionales -- Impuesto de consumo a los vinos extranjeros -- Impuesto al consumo de cigarrillos extranjeros -- Otros impuestos departamentales -- Estructura fiscal de los departamentos -- Fundamentos de una reforma |
| 650 14 - SUBJECT ADDED ENTRY--TOPICAL TERM | |
| Topical term or geographic name entry element | Venta |
| 9 (RLIN) | 14943 |
| Form subdivision | Reforma |
| Geographic subdivision | Colombia |
| 650 24 - SUBJECT ADDED ENTRY--TOPICAL TERM | |
| Topical term or geographic name entry element | Impuesto al consumo |
| General subdivision | Reforma |
| Geographic subdivision | Colombia |
| 9 (RLIN) | 36886 |
| 942 ## - ADDED ENTRY ELEMENTS (KOHA) | |
| Source of classification or shelving scheme | Dewey Decimal Classification |
| Koha item type | Books |
| Withdrawn status | Lost status | Source of classification or shelving scheme | Damaged status | Not for loan | Collection code | Home library | Current library | Date acquired | Source of acquisition | Full call number | Barcode | Date last seen | Copy number | Koha item type |
|---|---|---|---|---|---|---|---|---|---|---|---|---|---|---|
| Dewey Decimal Classification | Non-fiction | Biblioteca Pública José María del Castillo y Rada | Biblioteca Pública José María del Castillo y Rada | 04/15/2018 | Donación | 343.8 / B928e | 430004568 | 05/16/2024 | Ej.1 | Books |